000 00872nam a22002417a 4500
005 20250304145354.0
010 _aDEC24SC ENG-142954 ENG-143665 ENG-143951
020 _a9789355016836
_c675.00
035 _aEN-126486
035 _aEN-127483
035 _aEN-127197
037 _bDBAD
082 _a954
_233
100 _aGrover, B L
_979246
245 _aA New Look at Modern Indian History:
_cby B L Grover [and] Alka Mehta
_bFrom 1707 to The Modern Times/
250 _a33
260 _aNew Delhi
_bS Chand and Company Limited
_c2023
270 _a A-27, 2nd Floor, Mohan Co-operative Industrial Estate
_bNew Delhi
_e110044
_minfo@schandpublishing.com
_k011-49731800
300 _axxx,582p.
_c23cm(pb)
500 _aFrom 1707 To The Modern Times (UPSC CSE Edition)
700 _aMehta, Alka
_eAuthor
_974965
942 _2ddc
_cEN
_h954
_mGRO
_e1
999 _c207572
_d207572